Films d'animation en volume (Stop motion) en images - Statistiques

Statistiques générales
  • Ce quiz a été pris 369 fois
  • Le résultat moyen est 8 sur 18
Statistiques - réponses
Par images Hint Réponse % Correct
1993 L'étrange Noël de monsieur Jack
94%
2005 Les Noces funèbres
78%
2015 Shaun le mouton, le film
78%
2005 Wallace et Gromit : Le Mystère du lapin-garou
78%
2009 Coraline
77%
2000 Chicken Run
74%
2022 Pinocchio (par Guillermo del Toro)
68%
2016 Ma vie de courgette
55%
2012 Frankenweenie
46%
2009 Fantastic Mr. Fox
45%
2018 L'île aux chiens
35%
1996 James et la pêche géante
22%
2014 Les Boxtrolls
19%
2012 Les Pirates ! Bons à rien, mauvais en tout
14%
2012 L'Étrange Pouvoir de Norman
13%
2023 Mémoires d'un escargot
13%
2016 Kubo et l'Armure magique
8%
2009 Mary et Max
8%
Aucun quiz correspondant
Distribution des résultats
% des personnes avec chaque résultat
Percentile par nombre de réponses
Votre historique - résultats
Vous n’avez pas pris ce quiz